<?xml version="1.0" encoding="UTF-8"?><?xml-stylesheet type="text/xsl" href="static/style.xsl"?><OAI-PMH xmlns="http://www.openarchives.org/OAI/2.0/" xmlns:xsi="http://www.w3.org/2001/XMLSchema-instance" xsi:schemaLocation="http://www.openarchives.org/OAI/2.0/ http://www.openarchives.org/OAI/2.0/OAI-PMH.xsd"><responseDate>2026-06-01T04:34:17Z</responseDate><request verb="GetRecord" identifier="oai:riuma.uma.es:10630/36000" metadataPrefix="marc">https://riuma.uma.es/rest/oai/request</request><GetRecord><record><header><identifier>oai:riuma.uma.es:10630/36000</identifier><datestamp>2026-05-08T06:48:21Z</datestamp><setSpec>com_10630_2254</setSpec><setSpec>col_10630_37953</setSpec></header><metadata><record xmlns="http://www.loc.gov/MARC21/slim" xmlns:dcterms="http://purl.org/dc/terms/" xmlns:doc="http://www.lyncode.com/xoai" xmlns:xsi="http://www.w3.org/2001/XMLSchema-instance" xsi:schemaLocation="http://www.loc.gov/MARC21/slim http://www.loc.gov/standards/marcxml/schema/MARC21slim.xsd">
   <leader>00925njm 22002777a 4500</leader>
   <datafield ind2=" " ind1=" " tag="042">
      <subfield code="a">dc</subfield>
   </datafield>
   <datafield ind2=" " ind1=" " tag="720">
      <subfield code="a">Aranda-Valera, Inmaculada Concepción</subfield>
      <subfield code="e">author</subfield>
   </datafield>
   <datafield ind2=" " ind1=" " tag="720">
      <subfield code="a">Garrido-Castro, Juan Luis</subfield>
      <subfield code="e">author</subfield>
   </datafield>
   <datafield ind2=" " ind1=" " tag="720">
      <subfield code="a">Martínez-Galisteo, Alfonso</subfield>
      <subfield code="e">author</subfield>
   </datafield>
   <datafield ind2=" " ind1=" " tag="720">
      <subfield code="a">Peña-Amaro, José</subfield>
      <subfield code="e">author</subfield>
   </datafield>
   <datafield ind2=" " ind1=" " tag="720">
      <subfield code="a">González-Navas, Cristina</subfield>
      <subfield code="e">author</subfield>
   </datafield>
   <datafield ind2=" " ind1=" " tag="720">
      <subfield code="a">Cuesta-Vargas, Antonio</subfield>
      <subfield code="e">author</subfield>
   </datafield>
   <datafield ind2=" " ind1=" " tag="720">
      <subfield code="a">Jiménez-Reina, Luis</subfield>
      <subfield code="e">author</subfield>
   </datafield>
   <datafield ind2=" " ind1=" " tag="720">
      <subfield code="a">Collantes-Estévez, Eduardo</subfield>
      <subfield code="e">author</subfield>
   </datafield>
   <datafield ind2=" " ind1=" " tag="720">
      <subfield code="a">López-Medina, Clementina</subfield>
      <subfield code="e">author</subfield>
   </datafield>
   <datafield ind2=" " ind1=" " tag="260">
      <subfield code="c">2021-04-29</subfield>
   </datafield>
   <datafield ind2=" " ind1=" " tag="520">
      <subfield code="a">Axial spondyloarthritis (axSpA) is a chronic rheumatic disease characterized by the presence of inflammatory back pain. In patients with chronic low back pain, the lumbar flexion relaxation phenomenon measured by surface electromyography (sEMG) differs from that in healthy individuals. However, sEMG activity in axSpA patients has not been studied. The purpose of this study was to analyze the flexion relaxation phenomenon in axSpA patients. A study evaluating 39 axSpA patients and 35 healthy controls was conducted. sEMG activity at the erector spinae muscles was measured during lumbar full flexion movements. sEMG activity was compared between axSpA patients and the controls, as well as between active (BASDAI ≥ 4) and non-active (BASDAI &lt; 4) patients. The reliability (using intraclass correlation coefficients (ICC)), criterion validity and discriminant validity using the area Under the curve (AUC) for the inverse flexion/relaxation ratio (1/FRR) were evaluated. Significant differences (p &lt; 0.05) were observed between axSpA patients and the control group in lumbar electric activity, especially during flexion, relaxation, and extension and in FRR and 1/FRR (0.66 ± 0.39 vs. 0.25 ± 0.19, respectively). In addition, significant differences were found between active and non-active but also between non-active and healthy subjects. The sEMG showed good reliability (ICC > 0.8 for 1/FRR) and criterion validity. ROC analysis showed good discriminant validity for axSpA patients (AUC = 0.835) vs. the control group using 1/FRR. An abnormal flexion/relaxation phenomenon exists in axSpA patients compared with controls. sEMG could be an additional objective tool in the evaluation of patient function and disease activity status.</subfield>
   </datafield>
   <datafield ind1="8" ind2=" " tag="024">
      <subfield code="a">Aranda-Valera IC, Garrido-Castro JL, Martínez-Galisteo A, Peña-Amaro J, González-Navas C, Cuesta-Vargas A, Jiménez-Reina L, Collantes-Estévez E, López-Medina C. Patients with Axial Spondyloarthritis Show an Altered Flexion/Relaxation Phenomenon. Diagnostics (Basel). 2021 Apr 29;11(5):810. doi: 10.3390/diagnostics11050810. PMID: 33947109; PMCID: PMC8146757.</subfield>
   </datafield>
   <datafield ind1="8" ind2=" " tag="024">
      <subfield code="a">https://hdl.handle.net/10630/36000</subfield>
   </datafield>
   <datafield ind1="8" ind2=" " tag="024">
      <subfield code="a">10.3390/diagnostics11050810</subfield>
   </datafield>
   <datafield tag="653" ind2=" " ind1=" ">
      <subfield code="a">Enfermos de artritis</subfield>
   </datafield>
   <datafield ind2="0" ind1="0" tag="245">
      <subfield code="a">Patients with Axial Spondyloarthritis Show an Altered Flexion/Relaxation Phenomenon</subfield>
   </datafield>
</record>
</metadata></record></GetRecord></OAI-PMH>